A. WESLEY POWELL LEARNING RESOURCE CENTRE (WPLRC)

Wonderful Place to Learn, Research & Collaborate

Freedom Come (Record no. 4323)

MARC details
000 -LEADER
fixed length control field 00438nam a22001817a 4500
001 - ACCESSION NUMBER
control field 44359
003 - CONTROL NUMBER IDENTIFIER
control field OSt
005 - DATE AND TIME OF LATEST TRANSACTION
control field 20150813134438.0
008 - FIXED-LENGTH DATA ELEMENTS--GENERAL INFORMATION
fixed length control field 150813b xxu||||| |||| 00| 0 eng d
020 ## - INTERNATIONAL STANDARD BOOK NUMBER
International Standard Book Number 9789766380540
040 ## - CATALOGING SOURCE
Transcribing agency ddc
082 ## - DEWEY DECIMAL CLASSIFICATION NUMBER
Classification number R/WIC/823.729'2 GOU (44359)
100 ## - MAIN ENTRY--PERSONAL NAME
Fuller form of name Goulbourne, Jean
245 ## - TITLE STATEMENT
Title Freedom Come
260 ## - PUBLICATION, DISTRIBUTION, ETC. (IMPRINT)
Place of publication, distribution, etc. Carlong Publishers
Name of publisher, distributor, etc. Jamaica
Date of publication, distribution, etc. 2002
300 ## - PHYSICAL DESCRIPTION
Extent 104 p, :
Other physical details ill,
Dimensions 20 1/2
942 ## - ADDED ENTRY ELEMENTS (KOHA)
Source of classification or shelving scheme Dewey Decimal Classification
Koha item type Books
Holdings
Withdrawn status Lost status Source of classification or shelving scheme Damaged status Not for loan Home library Current library Date acquired Total Checkouts Full call number Barcode Date last seen Price effective from Koha item type
    Dewey Decimal Classification     Wesley Powell Learning Resource Centre Wesley Powell Learning Resource Centre 08/13/2015   R/WIC/823.729'2 GOU 44359 08/13/2015 08/13/2015 Books